| 000 | 01131nam a2200337 i 4500 | ||
|---|---|---|---|
| 003 | DO-SdBNP | ||
| 005 | 20260217115903.0 | ||
| 007 | ta | ||
| 008 | 260205b1954 dr ||||| |||| 00| 0 spa d | ||
| 040 |
_aDO-SdBNP _bspa _cBNPHU _erda |
||
| 041 | _aspa | ||
| 082 | 4 |
_a364.097293 _bR175n 1954 _222 |
|
| 100 | 1 |
_aRamos Jerez, Leoncio, _d1894-1971 _eautor _4aut. _917088 |
|
| 245 | 1 | 0 |
_aNotas para una introducción a la criminología / _cLeoncio Ramos |
| 264 | 1 |
_aSanto Domingo : _bUniversidad Autónoma de Santo Domingo, _c1954. |
|
| 300 |
_a412 páginas ; _c22 cm. |
||
| 336 |
_atexto _btxt _2rdacontent |
||
| 337 |
_asin mediación _bn _2rdamedia |
||
| 338 |
_avolumen _bnc _2rdacarrier |
||
| 590 | _aInventariado, 2026/BT | ||
| 650 | 4 |
_aCriminología _zRepública Dominicana _917089 |
|
| 650 | 0 |
_aCriminología _xInvestigaciones _917089 |
|
| 650 | 0 |
_aAdministración de justicia penal _988238 |
|
| 650 | 4 |
_aDerecho penal _917405 |
|
| 650 | 0 |
_a Delincuentes _917407 |
|
| 650 | 4 |
_aEnfermos mentales _918253 |
|
| 650 | 4 |
_aAlcoholismo y delincuencia _935033 |
|
| 650 | 4 |
_aSociología _91061 |
|
| 910 | _aBtavárez | ||
| 942 |
_2ddc _cLBS1 |
||
| 999 |
_c60230 _d60230 |
||